La evangelización en el presente y en el futuro de América Latina: Documento de Trabajo
Na minha lista:
| Formato: | Livro |
|---|---|
| Idioma: | espanhol |
| Publicado em: |
Puebla
CELAM
1978
|
| Assuntos: | |
| Tags: |
Adicionar Tag
Sem tags, seja o primeiro a adicionar uma tag!
|
MARC
| LEADER | 00000nam a2200000 a 4500 | ||
|---|---|---|---|
| 001 | UCO8301 | ||
| 003 | CL-VaPUC | ||
| 005 | 20250103100417.0 | ||
| 008 | 001201e19780000mx 1 spa d | ||
| 082 | 0 | 4 | |a 253.7 |b EVA |2 21 |
| 245 | 1 | 3 | |a La evangelización en el presente y en el futuro de América Latina: Documento de Trabajo |
| 260 | |a Puebla |b CELAM |c 1978 | ||
| 300 | |a 116 p | ||
| 500 | |a Incluye Notas | ||
| 583 | |a last modification |c 20001201 00:00:00 |k Rodrigo Vera | ||
| 650 | 0 | 7 | |a EVANGELIZACION |2 CL-VaPUC |9 619849 |
| 650 | 0 | 0 | |a Iglesia Católica |9 256114 |
| 650 | 0 | 0 | |a Congresos |9 257560 |
| 651 | 0 | |a América Latina |9 255027 | |
| 942 | |c BK | ||
| 945 | |a crobeson |d 20001201 00:00:00 | ||
| 546 | |a En Español | ||
| 518 | |p Conferencia General del Episcopado Latinoamericano, 3, Puebla de los Angeles, 12 - 28 de Octubre de 1978 | ||
| 999 | |c 383621 |d 383619 | ||
| 952 | |0 0 |1 0 |4 0 |6 253_700000000000000_EVA_1978 |7 0 |8 A |9 505805 |a BIBTEO |b BIBTEO |d 2020-01-23 |i 3383687 |o 253.7 EVA 1978 |p 3383687 |r 2025-01-17 |w 2020-01-23 |y BK |k ICR | ||